| 000 | 01634nam0a2200313 4500 | ||
|---|---|---|---|
| 001 | RU\NLR\bibl\921962 | ||
| 005 | 20260405181624.0 | ||
| 010 |
_a5-88954-193-5 _9100 |
||
| 021 |
_aRU _b2006-494 _919 |
||
| 035 | _a(NLR Aleph) 000910238 | ||
| 090 |
_a35365 _c35365 |
||
| 100 | _a20060327d2005 |||y0rusy50 ca | ||
| 101 | 0 | _arus | |
| 102 | _aRU | ||
| 105 | _aa ||||||||| | ||
| 200 | 1 |
_aВзаимодействие текстильного волокнистого продукта с рабочими органами текстильных машин _fС.А. Егоров _gФедер. агентство по образованию, Гос. образоват. учреждение высш. проф. образования "Иван. гос. текстил. акад." |
|
| 210 |
_aИваново _cредакционно-издательский отдел Ивановской государственной текстильной академии _d2005 |
||
| 215 |
_a151 с. _cил., портр. _d21 |
||
| 300 | _aНа 151-й с. авт.: С.А. Егоров - к.т.н., доц. | ||
| 320 | _aБиблиогр.: с. 119-150 (607 назв.) | ||
| 606 | 1 |
_aВолокно _xТрение _91293385 _3RU\NLR\auth\66217322 |
|
| 606 | 1 |
_aТекстильные машины _xДетали _xИзнос _92424719 _3RU\NLR\auth\661443694 |
|
| 686 | _aМ3-5-082.04 | ||
| 700 | 1 |
_4070 _7ca _8rus _aЕгоров _bС. А. _cканд. техн. наук _gСергей Анатольевич _961387 _3RU\NLR\auth\7778459 |
|
| 801 | 0 |
_aRU _bNLR _c20060327 _grcr |
|
| 801 | 1 |
_aRU _bNLR _c20060327 |
|
| 942 | _cBOOK | ||
| 980 | _aNB | ||